000 00433nam a2200181Ia 4500
001 14346
005 20260306164907.0
008 260306t1998||||xx |||||||||||||| ||spa||
041 _aESP
082 _a512.5
_bB24
100 _aBarbolla, Rosa
_eAUT
245 0 _aÁlgebra lineal y teoría de matrices
260 _c1998
300 _axi, 529 páginas :
_c24 cm.
650 _aGEN
654 _aCMA
942 _cLIB
_dJUS
_fJUS
_2ddc
_n
999 _c14346
_d14346